Ten commandments for property lenders (Record no. 83983)
[ view plain ]
| 000 -LEADER | |
|---|---|
| fixed length control field | 00847cab a22001935a 4500 |
| 001 - CONTROL NUMBER | |
| control field | L156309 |
| 008 - FIXED-LENGTH DATA ELEMENTS--GENERAL INFORMATION | |
| fixed length control field | 120514e2012 xxk 000 0 eng d |
| 035 ## - SYSTEM CONTROL NUMBER | |
| System control number | (Sirsi) u156309 |
| 041 0# - LANGUAGE CODE | |
| Language code of text/sound track or separate title | eng |
| 100 1# - MAIN ENTRY--PERSONAL NAME | |
| Personal name | Clarke, Rupert |
| 245 00 - TITLE STATEMENT | |
| Title | Ten commandments for property lenders |
| 260 ## - PUBLICATION, DISTRIBUTION, ETC. | |
| Date of publication, distribution, etc. | 2012 |
| 490 #0 - SERIES STATEMENT | |
| Series statement | Property Week |
| Volume/sequential designation | 78(18) 4 May 2012, 31(1) |
| 520 ## - SUMMARY, ETC. | |
| Summary, etc. | Puts forward a highly positive case for being a UK real estate lender today with values 30% off peak, low interest rates, 3-4% over LIBOR margins on low loan-to-value senior loans, and a structural shortage of lending which allows lenders to be selective. Caution is however the watchword and risks need to be managed carefully. Offers ten dos and don'ts of property lending. |
| 590 ## - LOCAL NOTE (RLIN) | |
| Local note | KA |
| 651 #4 - SUBJECT ADDED ENTRY--GEOGRAPHIC NAME | |
| Geographic name | United Kingdom |
| 690 ## - LOCAL SUBJECT ADDED ENTRY--TOPICAL TERM (OCLC, RLIN) | |
| Topical term or geographic name as entry element | Commercial property |
| 9 (RLIN) | 6227 |
| 942 ## - ADDED ENTRY ELEMENTS (KOHA) | |
| Suppress in OPAC | 0 |
| Withdrawn status | Lost status | Source of classification or shelving scheme | Damaged status | Not for loan | Home library | Current library | Shelving location | Date acquired | Total Checkouts | Full call number | Barcode | Date last seen | Price effective from | Koha item type |
|---|---|---|---|---|---|---|---|---|---|---|---|---|---|---|
| Dewey Decimal Classification | London | London | Journal article | 13/05/2012 | L156309 | 156309-1001 | 06/08/2019 | 06/08/2019 | Journal |